| 000 | 00545cam a2200217 i 4500 | ||
|---|---|---|---|
| 001 | 326545 | ||
| 005 | 20180227042233.0 | ||
| 008 | 760206s1976 paua b 001 0 eng | ||
| 010 | _a 75008178 | ||
| 020 | _a0721643930 | ||
| 040 |
_aDLC _cDLC _dDLC |
||
| 041 | _aeng | ||
| 080 | _a612 GUY | ||
| 082 | 0 | 0 | _a612 GUY |
| 100 | 1 | _a4 | |
| 101 | _aSHM | ||
| 245 | 1 | 0 |
_aTextbook of medical physiology / _cArthur Guyton. |
| 504 | _aIncludes bibliographies and index. | ||
| 906 |
_a7 _bcbc _corignew _d2 _eocip _f19 _gy-gencatlg |
||
| 942 |
_2ddc _cBK |
||
| 999 |
_c43563 _d43563 |
||